Budúcnosť nealka je v benefitoch
Stručná štatistika o spotrebe nealkoholických nápojov. Nealko na slovenskom maloobchodnom trhu generuje najvyššie tržby zo všetkých potravinových kategórií. Oproti minulému roku kleslo však v objeme i hodnote predaja. Budúcnosť nealka je v benefitoch. V sýtených vedú kolové. Energetické nápoje smeru...
Na minha lista:
| Autor principal: | |
|---|---|
| Formato: | Capítulo de Livro |
| Idioma: | eslovaco |
| Assuntos: | |
| Tags: |
Sem tags, seja o primeiro a adicionar uma tag!
|
MARC
| LEADER | 00000naa a2200000 4500 | ||
|---|---|---|---|
| 001 | 0203805 | ||
| 005 | 20231011070230.5 | ||
| 041 | 0 | |a slo | |
| 044 | |a SK | ||
| 245 | 1 | 0 | |a Budúcnosť nealka je v benefitoch |c Veronika Mišíková |
| 520 | |a Stručná štatistika o spotrebe nealkoholických nápojov. Nealko na slovenskom maloobchodnom trhu generuje najvyššie tržby zo všetkých potravinových kategórií. Oproti minulému roku kleslo však v objeme i hodnote predaja. Budúcnosť nealka je v benefitoch. V sýtených vedú kolové. Energetické nápoje smerujú k prírode. | ||
| 610 | 2 | 0 | |a nápoje nealkoholické |
| 610 | 2 | 0 | |a spotreba |
| 610 | 2 | 0 | |a Slovensko |
| 100 | 1 | |a Mišíková, Veronika | |